<?xml version="1.0" encoding="UTF-8"?>
<record
    xmlns:xsi="http://www.w3.org/2001/XMLSchema-instance"
    xsi:schemaLocation="http://www.loc.gov/MARC21/slim http://www.loc.gov/standards/marcxml/schema/MARC21slim.xsd"
    xmlns="http://www.loc.gov/MARC21/slim">

  <leader>01123nam a22002417a 4500</leader>
  <controlfield tag="003">CO-NeUS</controlfield>
  <controlfield tag="005">20180210115801.0</controlfield>
  <controlfield tag="008">140129b        ck ||||| |||| 00| 0 spa d</controlfield>
  <datafield tag="020" ind1=" " ind2=" ">
    <subfield code="a">84-206-8102-4</subfield>
  </datafield>
  <datafield tag="040" ind1=" " ind2=" ">
    <subfield code="c">CO-NeUS</subfield>
  </datafield>
  <datafield tag="082" ind1="0" ind2="4">
    <subfield code="a">302.2 / M383p</subfield>
  </datafield>
  <datafield tag="100" ind1=" " ind2=" ">
    <subfield code="a">Mart&#xED;n Serrano, Manuel - 1940</subfield>
    <subfield code="9">65256</subfield>
  </datafield>
  <datafield tag="245" ind1="1" ind2="0">
    <subfield code="a">La producci&#xF3;n social de comunicaci&#xF3;n / Manuel Mart&#xED;n Serrano ; Prol. Harry Pr&#xF6;s</subfield>
  </datafield>
  <datafield tag="264" ind1=" " ind2=" ">
    <subfield code="a">Madrid : Alianza, 1986</subfield>
  </datafield>
  <datafield tag="300" ind1=" " ind2=" ">
    <subfield code="a">501 p. ; 23 cm.</subfield>
  </datafield>
  <datafield tag="490" ind1="0" ind2=" ">
    <subfield code="a">Alianza Universal Textos</subfield>
    <subfield code="v">No. 102</subfield>
    <subfield code="9">94612</subfield>
  </datafield>
  <datafield tag="505" ind1="0" ind2="0">
    <subfield code="a">Introducci&#xF3;n / Presentaci&#xF3;n de la teor&#xED;a social de la comunicaci&#xF3;n -- Fundamentos para una teor&#xED;a social de</subfield>
  </datafield>
  <datafield tag="505" ind1="0" ind2="0">
    <subfield code="a">la comunicaci&#xF3;n -- Planteamiento te&#xF3;rico y metodol&#xF3;gico para el estudio de la producci&#xF3;n social de</subfield>
  </datafield>
  <datafield tag="505" ind1="0" ind2="0">
    <subfield code="a">comunicaci&#xF3;n -- La selecci&#xF3;n del acontecer p&#xFA;blico y su ubicaci&#xF3;n en el espacio y en el tiempo -- El relato a</subfield>
  </datafield>
  <datafield tag="505" ind1="0" ind2="0">
    <subfield code="a">prop&#xF3;sito del acontecer p&#xFA;blico -- El cambio social y la transformaci&#xF3;n de la comunicaci&#xF3;n --</subfield>
  </datafield>
  <datafield tag="650" ind1="1" ind2="4">
    <subfield code="a">Comunicacion</subfield>
    <subfield code="x">aspectos psicologicos</subfield>
    <subfield code="9">104034</subfield>
  </datafield>
  <datafield tag="700" ind1="1" ind2=" ">
    <subfield code="a">Pr&#xF6;ss, Harry</subfield>
    <subfield code="e"> Pr&#xF3;logo</subfield>
    <subfield code="9">76069</subfield>
  </datafield>
  <datafield tag="999" ind1=" " ind2=" ">
    <subfield code="c">11365</subfield>
    <subfield code="d">11365</subfield>
  </datafield>
</record>
